00631cam a2200193 i 450000100070000000500170000700800410002402000170006504000180008208200150010024501020011526000580021730000170027565000130029270000270030594200060033295200860033899900130042480582220231130051502.0760305s1974 enk b 000 0 eng  a0903193051 : aDLCcDLCdDLC00a301.4.22204aThe Women's movement in China :ba selection of readings, 1949-1973 /cedited by Elisabeth Croll. aLondon :bAnglo-Chinese Educational Institute,c1974. aIX, 118 p. ; 0aFeminism1 aCroll, Elisabeth,eedt cL 001040708LaWERCLbWERCLd2023-11-30l0o301.4.p93r2023-11-30w2023-11-30yL c103d103